| 000 | 02766cam a22006734i 4500 | ||
|---|---|---|---|
| 003 | PE-LiUPU | ||
| 005 | 20250731170427.0 | ||
| 008 | 190806s2015 sp rb 000 0 spa d | ||
| 020 | _a8471128128 | ||
| 020 | _a9788471128126 | ||
| 035 | _a(Sirsi) a252392 | ||
| 040 |
_aPE-LiUPU _bspa _cPE-LiUPU _erda |
||
| 049 | _aPRUA | ||
| 082 | 0 | 4 |
_a150 _R24 _223 |
| 100 | 1 |
_aRamos Gutiérrez, Ricardo, _eautor. |
|
| 245 | 1 | 0 |
_aTerapia narrativa con familias multiproblemáticas : _bel cambio que viene / _cRicardo Ramos Gutiérrez. |
| 264 | 1 |
_aMadrid : _bMorata, _c2015. |
|
| 300 |
_a253 páginas ; _c24 centímetros. |
||
| 336 |
_atext _2rdacontent |
||
| 337 |
_aunmediated _2rdamedia |
||
| 338 |
_avolume _2rdacarrier |
||
| 490 | 0 |
_aColección Terapia Familiar Iberoamericana ; _v4 |
|
| 504 | _aBibliografía: páginas 248-253. | ||
| 505 | 0 | _a¿De qué hablamos cuando hablamos de familias multiproblematicas? -- Una primera visita -- las terapias narrativas -- Las tramas narrativas -- El relato tal cual -- Una historia, muchas historias, ninguna historia -- Pero mira quien habla -- La trayectoria en la red -- Una clasificación de las derivaciones -- La historia por vivir -- Las cartas terapéuticas -- Los informes terapéuticos. | |
| 526 | _aSEG68 | ||
| 526 | _aSEG70 | ||
| 526 | _aSEG69 | ||
| 526 | _aSEG67 | ||
| 526 | _aSEG43 | ||
| 526 | _aP144 | ||
| 526 | _aP143 | ||
| 526 | _aP131 | ||
| 526 | _aP122 | ||
| 526 | _aP120 | ||
| 526 | _aP117 | ||
| 526 | _aP112 | ||
| 526 | _aP110 | ||
| 526 | _aP106 | ||
| 526 | _aP101 | ||
| 526 | _aP80 | ||
| 526 | _aP59 | ||
| 526 | _aP54 | ||
| 526 | _aP35 | ||
| 526 | _aP33 | ||
| 526 | _aP30 | ||
| 541 | _g002-00001573; | ||
| 541 | _gE001-18; | ||
| 650 | 0 | 7 |
_aTerapia narrativa. _2lemb |
| 650 | 0 | 7 |
_aPsicoterapia familiar. _2lemb _91978 |
| 650 | 0 | 7 |
_aConsejería en salud mental. _2lemb |
| 910 |
_abrg _bksl _cksl _d20190806 |
||
| 910 |
_adbm _bjpc _cjpc _d20191113 |
||
| 942 |
_2ddc _cBOOK |
||
| 994 |
_aCO _bPEPRU |
||
| 596 | _a1 | ||
| 999 |
_a150 R24 _wDEWEY _c31616 _i80492 _f2021-11-3 _g3 _lCCODEBUL1 _mBUL _p30.81 _r0 _sY _tBOOK _u2019-8-6 _xSALUD _zP33 _0COMPRA _1FCOMPR3 _o.STAFF. Colección Ciencias de la Salud _d31616 |
||
| 999 |
_a150 R24 _wDEWEY _c2 _i80759 _f2021-11-3 _g4 _lCCODEBUL1 _mBUL _p41.00 _r0 _sY _tBOOK _u2019-11-13 _xSALUD _zP54 _0COMPRA _1FCOMPR4 _o.STAFF. Colección Ciencias de la Salud |
||
| 999 |
_a150 R24 _wDEWEY _c3 _i80760 _f2021-11-3 _g4 _lCCODEBUL1 _mBUL _p41.00 _r0 _sY _tBOOK _u2019-11-13 _xSALUD _zP54 _0COMPRA _1FCOMPR4 _o.STAFF. Colección Ciencias de la Salud |
||
| 980 |
_81 _gALBERTO SANCHEZ Responsable de Automatización |
||